Quy định mới về công tác xây dựng và phát triển cơ sở Đảng năm 2011
Nội dung của cuốn sách bao gồm những phần chính sau: Phần thứ nhất. Điều lệ Đảng Cộng sản Việt Nam thông qua tại Đại hội đại biểu toàn quốc lần thứ XI; Phần thứ hai. Tìm hiểu những văn kiện được trình bày trong Đại hội đại biểu toàn...
Guardat en:
| Format: | Llibre |
|---|---|
| Idioma: | Undetermined |
| Publicat: |
Hà Nội
Lao động
2011
|
| Matèries: | |
| Etiquetes: |
Afegir etiqueta
Sense etiquetes, Sigues el primer a etiquetar aquest registre!
|
| Thư viện lưu trữ: | Trung tâm Học liệu Trường Đại học Cần Thơ |
|---|
| LEADER | 01890nam a2200205Ia 4500 | ||
|---|---|---|---|
| 001 | CTU_169987 | ||
| 008 | 210402s9999 xx 000 0 und d | ||
| 020 | |c 298000 | ||
| 082 | |a 324.2597075 | ||
| 082 | |b Qu600 | ||
| 245 | 0 | |a Quy định mới về công tác xây dựng và phát triển cơ sở Đảng năm 2011 | |
| 245 | 0 | |c Thùy Linh, Việt Trinh (Sưu tầm và hệ thống hóa) | |
| 260 | |a Hà Nội | ||
| 260 | |b Lao động | ||
| 260 | |c 2011 | ||
| 520 | |a Nội dung của cuốn sách bao gồm những phần chính sau: Phần thứ nhất. Điều lệ Đảng Cộng sản Việt Nam thông qua tại Đại hội đại biểu toàn quốc lần thứ XI; Phần thứ hai. Tìm hiểu những văn kiện được trình bày trong Đại hội đại biểu toàn quốc lần thứ XI; Phần thứ ba. Quy định về chức năng, nhiệm vụ và vai trò lãnh đạo của tổ chức Đảng trong định hướng phát triển mới; Phần thứ tư. Quy định mới về quy chế phối hợp công tác giữa các tổ chức trong cơ sở Đảng; Phần thứ năm. Quy định mới nhất về tăng cường công tác hoạt động của tổ chức Đảng trong tình hình mới; Phần thứ sáu. Quy định mới về công tác tổ chức và quản lý cán bộ Đảng viên; Phần thứ bảy. Quy định mới nhất về công tác thi đua khen thưởng, kỷ luật và chế độ chính sách đối với tổ chức Đảng và Đảng viên. | ||
| 650 | |a Communist parties | ||
| 650 | |z Vietnam | ||
| 904 | |i Giao | ||
| 980 | |a Trung tâm Học liệu Trường Đại học Cần Thơ | ||